000 00726nam a2200253 i 4500
003 DO-SdBNP
005 20260416140725.0
007 ta
008 260416b2018 dr ||||| |||| 00| 0 spa d
020 _a9781718766495
040 _aDO-SdBNP
_bspa
_cBNPHU
_erda
041 _aspa
082 4 _axxx
_bxxx
_222
100 _aGarcía Bidó, Rafael,
_eautor
_4aut.
_918198
245 1 0 _aVerdor claro y oscuro /
_cRafael García Bidó
250 _asegunda edición
264 _aSanto Domingo :
_beditor no identificado,
_c2018.
336 _atexto
_btxt
_2rdacontent
337 _asin mediación
_bn
_2rdamedia
338 _avolumen
_bnc
_2rdacarrier
590 _aInventariado, 2026/BT
910 _aBtavárez
942 _2ddc
_cLBS1
999 _c60565
_d60565